header

Becoming Soviet Jews (Record no. 11068)

MARC details
000 -LEADER
fixed length control field 01545nam a2200373Ia 4500
082 04 - DEWEY DECIMAL CLASSIFICATION NUMBER
Classification number 305.892/40478609041
100 1# - MAIN ENTRY--AUTHOR NAME
Personal name Bemporad, Elissa.
245 10 - TITLE STATEMENT
Title Becoming Soviet Jews
260 ## - PUBLICATION, DISTRIBUTION, ETC. (IMPRINT)
Place of publication Bloomington :
Name of publisher Indiana University Press,
Year of publication 2013.
300 ## - PHYSICAL DESCRIPTION
Number of Pages xi, 276 p.
490 1# - SERIES STATEMENT
Series statement Helen B. Schwartz book in Jewish studies
650 #0 - SUBJECT ADDED ENTRY--TOPICAL TERM
Topical Term Jews, Soviet
Topical Term Jews
Topical Term Jews
Topical Term Jews
Topical Term Communism and Judaism
856 40 - ELECTRONIC LOCATION AND ACCESS
Uniform Resource Identifier http://site.ebrary.com/lib/rucke/Doc?id=10689980

No items available.

© 2026 Rongo University
Contact us: librarian | system librarian | Rongo university